000
00330nam a2200133Ia 4500
008
240624s9999 xx 000 0 und d
041
_a
eng
082
_a
658.82 FOG
100
_a
FOG KLAUS
245
_a
STORYTELLING BRANDING IN PRACTICE
260
_c
2005
_a
New York
_b
Springer
300
_a
238 : p. : cm. ; 24
365
_c
ERU
_b
28
999
_c
7398
_d
7398